000 00255nam a2200097Ia 4500
001 683933
005 20250826161448.0
008 250824s9999 xx 000 0 und d
245 0 _aEINSTEIN VE TAM GÜNEŞ TUTULMASI
_cPETER COLES
260 _bEVEREST YAYINLARI
999 _c683933
_d683933